Business Economics : BBA III Semester WBUT / (Record no. 1180)
[ view plain ]
| 000 -LEADER | |
|---|---|
| Fixed length control field | 00501nam a2200181 4500 |
| 003 - CONTROL NUMBER IDENTIFIER | |
| Control field | SEACOMMC |
| 005 - DATE AND TIME OF LATEST TRANSACTION | |
| Control field | 20250513113200.0 |
| 008 - FIXED-LENGTH DATA ELEMENTS--GENERAL INFORMATION | |
| Fixed length control field | 250407b |||||||| |||| 00| 0 eng d |
| 020 ## - INTERNATIONAL STANDARD BOOK NUMBER / ISBN | |
| International Standard Book Number | 978-81-272-5332-5 |
| Price | Rs.225.00 |
| 040 ## - CATALOGING SOURCE | |
| Original cataloging agency | SEACOMMC |
| 082 ## - DEWEY DECIMAL CLASSIFICATION NUMBER | |
| Classification number | 330 |
| Book Number | L 53 |
| 100 ## - MAIN ENTRY--PERSONAL NAME | |
| Personal name | Lekhi,R.K |
| 245 1# - TITLE STATEMENT | |
| Title | Business Economics : BBA III Semester WBUT / |
| Statement of responsibility | R.K.Lekhi [and] Chiranjit Kaur |
| 250 ## - EDITION STATEMENT | |
| Edition statement | 2nd rev.ed. |
| 260 ## - IMPRINT | |
| Place of publication | Kolkara |
| Name of publisher | Kalyani Publishers |
| Date of publication | 2009 |
| 650 ## - SUBJECT ADDED ENTRY--TOPICAL TERM | |
| Topical term | Economics |
| 942 ## - ADDED ENTRY ELEMENTS (KOHA) | |
| Koha item type | Books |
| Withdrawn status | Lost status | Source of classification | Damaged status | Not for loan | Home library | Current library | Shelving location | Date acquired | Total Checkouts | Call number | Accession number | Date last seen | Price effective from | Koha item type | Copy number |
|---|---|---|---|---|---|---|---|---|---|---|---|---|---|---|---|
| Dewey Decimal Classification | SEACOM MANAGEMENT COLLEGE | SEACOM MANAGEMENT COLLEGE | Reference | 26/10/2010 | 330 L 53 | M-2878 | 07/04/2025 | 07/04/2025 | Reference Books | ||||||
| Dewey Decimal Classification | SEACOM MANAGEMENT COLLEGE | SEACOM MANAGEMENT COLLEGE | 26/10/2010 | 330 L 53 | M-2879 | 07/04/2025 | 07/04/2025 | Books | 1 | ||||||
| Dewey Decimal Classification | SEACOM MANAGEMENT COLLEGE | SEACOM MANAGEMENT COLLEGE | 26/10/2010 | 330 L 53 | M-2880 | 07/04/2025 | 07/04/2025 | Books | 2 | ||||||
| Dewey Decimal Classification | SEACOM MANAGEMENT COLLEGE | SEACOM MANAGEMENT COLLEGE | 26/10/2010 | 330 L 53 | M-2881 | 07/04/2025 | 07/04/2025 | Books | 3 | ||||||
| Dewey Decimal Classification | SEACOM MANAGEMENT COLLEGE | SEACOM MANAGEMENT COLLEGE | 26/10/2010 | 330 L 53 | M-2882 | 07/04/2025 | 07/04/2025 | Books | 4 | ||||||
| Dewey Decimal Classification | SEACOM MANAGEMENT COLLEGE | SEACOM MANAGEMENT COLLEGE | 26/10/2010 | 330 L 53 | M-2883 | 07/04/2025 | 07/04/2025 | Books | 5 | ||||||
| Dewey Decimal Classification | SEACOM MANAGEMENT COLLEGE | SEACOM MANAGEMENT COLLEGE | 26/10/2010 | 330 L 53 | M-2884 | 07/04/2025 | 07/04/2025 | Books | 6 | ||||||
| Dewey Decimal Classification | SEACOM MANAGEMENT COLLEGE | SEACOM MANAGEMENT COLLEGE | 26/10/2010 | 330 L 53 | M-2885 | 07/04/2025 | 07/04/2025 | Books | 7 | ||||||
| Dewey Decimal Classification | SEACOM MANAGEMENT COLLEGE | SEACOM MANAGEMENT COLLEGE | 26/10/2010 | 330 L 53 | M-2886 | 07/04/2025 | 07/04/2025 | Books | 8 | ||||||
| Dewey Decimal Classification | SEACOM MANAGEMENT COLLEGE | SEACOM MANAGEMENT COLLEGE | 26/10/2010 | 330 L 53 | M-2887 | 07/04/2025 | 07/04/2025 | Books | 9 |
